000 00471nam a2200157Ia 4500
008 160316s1996 xxu||||| |||| 00| 0 eng d
082 _a342.085000
_bJAS
100 _aJaswal Paramjit S
245 _aDirective principles jurisprudence and socio economic justice in India
250 _a
260 _aNew Delhi
_bAPH Publishing Corporation
_c1996
300 _a742p
_b
_cvii
365 _bRs.1000
650 _a1.Fundamental Rights - Directive Principles
700 _a
_a
999 _c13538
_d13538